• 首页
  • 本馆介绍
  • 公告通知
  • 最新文献
  • 馆藏检索
  • 电子资源
  • 读者导购
  • 参考咨询
  • 我的图书馆
  • 登录
  • 详细信息显示
  • 放入我的书架
  • 预约/预借图书
  • 作者相关作品
  • 分类相关作品
  • 丛书相关作品
  • 出版社相关作品

书目信息

  • 表格格式
  • 工作单格式
  • 卡片格式
题名:
大气飞行动力学
    
 
作者: 埃特金 , Etkin 著 ;何植岱 译
分册:  
出版信息: 北京   科学出版社  1979
页数: 572页
开本: 20cm
丛书名:
单 册:
中图分类: V211
科图分类:
主题词: 航空--理论 , 航空--试验
电子资源:
ISBN:
000 00837nam0 2200301 45
001 0179000747
005 20040513160248.7
010    @dCNY3.30
091    @a13031.414
100    @a19950727d1979 kemy0chiy0121 ea
101 1  @achi@ceng
102    @aCN@b110000
105    @ay z 000yy
106    @ar
200 10 @a大气飞行动力学@Ada qi fei xing dong li xue@f(美)埃特肯(B.Etkin)著@g何植岱等译
210    @a北京@c科学出版社@d1979
215    @a572页@d20cm
300    @a书名原文:Dynamics of Atmospheric Flight
304    @a著者通译:埃特金
510 1  @aDynamics of Atmospheric Flight@zeng
606 0  @a航空@x理论
606 0  @a航空@x试验
690    @aV211
701  1 @a埃特金@Aai te jin@bB.@4著
701 A1 @aEtkin@bB.@4著
702  0 @a何植岱@Ahe zhi dai@4译
801  0 @aCN@bNLC@c20040513
905    @f1@b23859@dV211@e15
    
    大气飞行动力学/(美)埃特肯(B.Etkin)著/何植岱等译.-北京:科学出版社,1979
    572页;20cm
    书名原文:Dynamics of Atmospheric Flight
    
    ISBN :CNY3.30
    
●
相关链接 在E读中查询图书 在五车中查询图书 在当当中查询图书 在豆瓣中查询图书


正题名:大气飞行动力学     索取号:V211/15         预约/预借

序号 登录号 条形码 馆藏地/架位号 状态 备注
1 0023859   001486993   第二样本阅览室/ [索取号:V211/15] 在馆    
唐山师范学院图书馆 欢迎您!
大连网信软件有限公司© 版权所有